Football Teams Frank Lampard Played For - Statistics

General Stats
  • This quiz has been taken 90 times
  • The average score is 4 of 5
Answer Stats
League Years Team % Correct
England 2001-2014 Chelsea FC
100%
England 2014-2015 Manchester City
92%
USA 2015-2017 New York City
71%
England 1996-2001 West Ham United
70%
England 1995-1996 Swansea City
23%
No matching quizzes found
Score Distribution
Percent of People with Each Score
Percentile by Number Answered
Your Score History
You have not taken this quiz